Normal view
MARC view
Entry Nombre personal
001 - NÚMERO DE CONTROL
- campo de control: 1117
003 - IDENTIFICADOR DE NÚMERO DE CONTROL
- campo de control: DLC
005 - FECHA Y HORA DE LA ÚLTIMA TRANSACCIÓN
- campo de control: 20260424120813.0
008 - ELEMENTOS DE DATO DE LONGITUD-FIJA
- campo de control de longitud fija: 800515n| acannaabn |a aaa
010 ## - NÚMERO DE CONTROL DE LA BIBLIOTECA DEL CONGRESO
- Número de control de LC: n 50023659
035 ## - NÚMERO DE CONTROL DEL SISTEMA
- Número de control de sistema: (OCoLC)oca00059070
040 ## - FUENTE DE CATALOGACIÓN
- Centro catalogador/agencia de origen: DLC
- Lengua de catalogación: eng
- Centro/agencia transcriptor: DLC
- Centro/agencia modificador: OCoLC
100 1# - ENCABEZAMIENTO-NOMBRE DE PERSONA
- Nombre de persona: Simon, Edith,
- Fechas asociadas al nombre: 1917-2003
400 1# - TRAZADO DE VÉASE--NOMBRE DE PERSONA
- Nombre de persona: Reeve, Edith Simon,
- Fechas asociadas al nombre: 1917-2003
670 ## - FUENTE DE DATOS ENCONTRADOS
- Cita de la fuente: Her The gladiators, 1939.
670 ## - FUENTE DE DATOS ENCONTRADOS
- Cita de la fuente: Edinbvrgh, the City of Edinburgh Council, webpage, Dec. 19, 2007:
- Información encontrada: item no. 5.2 (to consider purchase of work by Edith Simon (1917-2003))